Plaidoyers de MMes. Fourchy et Leven dans le procès intenté par le consul d'Espagne á Paris, Rodríguez-Rubi contre les auteurs d'une publication sur le mariage du fils du maréchal Serrano. (Record no. 54489)

MARC details
000 -LEADER
campo de control de longitud fija 00808nam a22002055i 4500
001 - NÚMERO DE CONTROL
campo de control 54489
003 - IDENTIFICADOR DE NÚMERO DE CONTROL
campo de control ES-MaACL
005 - FECHA Y HORA DE LA ÚLTIMA TRANSACCIÓN
campo de control 20250913172549.0
007 - CAMPO FIJO DE DESCRIPCIÓN FÍSICA--INFORMACIÓN GENERAL
campo de control de longitud fija t|
008 - DATOS DE LONGITUD FIJA--INFORMACIÓN GENERAL
campo de control de longitud fija 960725s1883 be ||||1| fre d
040 ## - FUENTE DE CATALOGACIÓN
Centro catalogador/agencia de origen CAM
Lengua de catalogación spa
Centro/agencia transcriptor CAM
245 00 - MENCIÓN DEL TÍTULO
Título Plaidoyers de MMes. Fourchy et Leven dans le procès intenté par le consul d'Espagne á Paris, Rodríguez-Rubi contre les auteurs d'une publication sur le mariage du fils du maréchal Serrano.
260 ## - PUBLICACIÓN, DISTRIBUCIÓN, ETC.
Lugar de publicación, distribución, etc. Bruxelles :
Nombre del editor, distribuidor, etc. imprimerie & litographie Ad. Mertens,
Fecha de publicación, distribución, etc. 1883.
300 ## - DESCRIPCIÓN FÍSICA
Extensión 67 p. ;
Dimensiones 21 cm.
600 04 - PUNTO DE ACCESO ADICIONAL DE MATERIA--NOMBRE DE PERSONA
Nombre de persona Carreras y Lastortras, Luis,
Fechas asociadas al nombre 1840-1888
9 (RLIN) 35690
600 17 - PUNTO DE ACCESO ADICIONAL DE MATERIA--NOMBRE DE PERSONA
Nombre de persona Serrano y Domínguez, Francisco,
Fechas asociadas al nombre 1810-1885
Fuente del encabezamiento o término
9 (RLIN) 153059
600 14 - PUNTO DE ACCESO ADICIONAL DE MATERIA--NOMBRE DE PERSONA
Nombre de persona Martínez de Campos, Mercedes.
9 (RLIN) 153060
852 ## - LOCALIZACIÓN
Ubicación ES-MaACL
Número de control de estantería T-360-F-15
Holdings
Estatus retirado Estado de pérdida Estado de daño No para préstamo Colección Biblioteca de origen Biblioteca actual Ubicación en estantería Fecha de adquisición Fuente de adquisición Total de préstamos Signatura topográfica completa Código de barras Visto por última vez Precio de reemplazo Tipo de ítem Koha
        Colección de folletos Biblioteca del Ateneo de Madrid Biblioteca del Ateneo de Madrid Depósito folletos 17/01/2008     T-360-F-15 1057259 23/02/2023 23/02/2023 Folleto